The man who beats the S & P : Investing with Bill Miller
Learn value investing through the strategies and techniques of the Investment Portfolio Manager of the decade
সংরক্ষণ করুন:
| প্রধান লেখক: | |
|---|---|
| বিন্যাস: | গ্রন্থ |
| ভাষা: | Undetermined |
| প্রকাশিত: |
New York
Wiley
2002
|
| বিষয়গুলি: | |
| ট্যাগগুলো: |
ট্যাগ যুক্ত করুন
কোনো ট্যাগ নেই, প্রথমজন হিসাবে ট্যাগ করুন!
|
| Thư viện lưu trữ: | Trung tâm Học liệu Trường Đại học Cần Thơ |
|---|
| LEADER | 00650nam a2200217Ia 4500 | ||
|---|---|---|---|
| 001 | CTU_109693 | ||
| 008 | 210402s9999 xx 000 0 und d | ||
| 020 | |c 29.95 | ||
| 082 | |a 332.6 | ||
| 082 | |b L913 | ||
| 100 | |a Lowe, Janet | ||
| 245 | 4 | |a The man who beats the S & P : | |
| 245 | 0 | |b Investing with Bill Miller | |
| 245 | 0 | |c Janet Lowe | |
| 260 | |a New York | ||
| 260 | |b Wiley | ||
| 260 | |c 2002 | ||
| 520 | |a Learn value investing through the strategies and techniques of the Investment Portfolio Manager of the decade | ||
| 650 | |a Investments | ||
| 904 | |i Q. Hieu (sửa) | ||
| 980 | |a Trung tâm Học liệu Trường Đại học Cần Thơ | ||